Countries With the Most People of German Descent - Statistics

General Stats
  • This quiz has been taken 102 times
    38 since last reset
  • The average score is 15 of 20
Answer Stats
# People Country % Correct
1 46,882,727 United States
100%
6 1,000,000 France
97%
14 273,654 United Kingdom
97%
4 3,203,330 Canada
94%
12 314,604 Italy
91%
3 3,500,000 Argentina
89%
2 12,000,000 Brazil
89%
18 138,917 Spain
89%
17 148,000 Poland
86%
9 394,138 Russia
86%
7 898,700 Australia
83%
8 500,000 Chile
71%
11 372,720 Netherlands
71%
5 1,200,000 South Africa
69%
19 131,951 Hungary
57%
15 240,000 Peru
57%
13 290,000 Paraguay
54%
20 36,884 Romania
46%
10 375,000 Bolivia
43%
16 178,409 Kazakhstan
26%
No matching quizzes found
Score Distribution
Percent of People with Each Score
Percentile by Number Answered
Your Score History
You have not taken this quiz since the last reset